UK Towns Quiz - East Renfrewshire - Scotland - Statistics

General Stats
  • This quiz has been taken 36 times
  • The average score is 7 of 12
Answer Stats
Clue Town Population % Correct
B Barrhead 17,586
90%
C Clarkston 9,497
90%
G Giffnock 11,964
90%
N Newton Mearns 28,456
90%
N Neilston 5,449
65%
B Busby 3,350
55%
E Eaglesham 3,479
50%
T Thornliebank 4,088
50%
N Netherlee 4,500
40%
S Stamperland 3,484
30%
W Waterfoot 1,319
15%
M Maidenhill 1,080
0%
No matching quizzes found
Score Distribution
Percent of People with Each Score
Percentile by Number Answered
Your Score History
You have not taken this quiz